| 000 | 00845nam a2200265Ia 4500 | ||
|---|---|---|---|
| 003 | GCL | ||
| 008 | 140319s9999 xx 000 0 ara d | ||
| 040 |
_aGCL / _cGCL |
||
| 082 | 0 | 4 |
_a331.4 _bهـ و |
| 100 | 1 | _aنيفين غراب | |
| 245 | 1 | 0 |
_aالوردية الثانية فى حياة المرأة العاملة / _cنيفين غراب |
| 700 | 1 | _aعزة عبدالفتاح الجوهرى | |
| 700 | 1 | _aهوكستشايلد، ارلى | |
| 700 | 1 | _aماشنج, ان | |
| 260 |
_a[S.N] : _bالدار الدولية للنشر والتوزيع ، _c1994 |
||
| 300 | _a408 ص | ||
| 490 | _a | ||
| 650 | 0 | 4 | _aالاسرة |
| 650 | 0 | 4 | _aالمرأة |
| 650 | 0 | 4 | _aالمرأة فى الحياة العامة |
| 650 | 0 | 4 | _aالمرأة العاملة |
| 650 | 0 | 4 | _aالزواج |
| 650 | 0 | 4 | _aالامهات |
| 942 |
_2ddc _cBK |
||
| 999 |
_c29799 _d29799 |
||